[Event "BL 2016-17"]
[Site "Germany"]
[Date "2017.03.19"]
[Round "10"]
[White "Gustafsson, Jan"]
[Black "Kollars, Dmitrij"]
[Result "1-0"]
[WhiteElo "2626"]
[BlackElo "2502"]
[Annotator "TA"]
[PlyCount "119"]
[EventDate "2017.??.??"]
[EventType "team-tourn"]
[EventCountry "GER"]
[SourceTitle "playchess.com"]
[Source "ChessBase"]
[SourceQuality "1"]
[WhiteTeam "Baden-Baden"]
[BlackTeam "Hamburger SK"]

{[%evp 17,119,21,38,29,27,31,32,37,37,43,49,43,58,34,54,57,39,37,59,47,45,45,68,50,86,86,83,84,102,98,126,120,172,164,175,167,162,127,235,194,195,184,190,175,215,207,197,197,189,127,140,119,123,123,129,122,123,123,123,123,111,29,29,29,29,29,29,29,32,0,81,26,77,18,21,19,33,12,8,8,8,8,4535,3740,5057,5057,5057,1162,5057,5057,5057,5057,5057,5057,5057,5057,5057,4598,4690,4627,4622,3932,1239,993]} 1. g3 Nf6 2. Bg2 g6 3. d4 Bg7 4. e4 d6 5. Ne2 O-O 6. O-O e5 7. Nbc3 Nc6 8. dxe5 dxe5 9. Bg5 Qxd1 10. Rfxd1 {B07: Pirc Defence: Miscellaneous Systems} h6 11. Be3 Rd8 $146 (11... Bg4 12. h3 Bxe2 13. Nxe2 Rfd8 14. c3 a5 15. Kf1 Bf8 16. Rxd8 Rxd8 17. Nc1 Nd7 {1-0 (40) Izoria,Z (2610)-Naroditsky,D (2382) Berkeley 2008}) 12. Rxd8+ {White is slightly better.} Nxd8 13. Rd1 Ne6 14. Nd5 h5 15. Ne7+ Kf8 16. Nxc8 Rxc8 17. f3 a6 18. h4 Ke7 19. Bh3 $36 {[%mdl 2048] White has some pressure.} Rh8 20. Nc1 Bh6 21. Bxh6 Rxh6 22. Bxe6 Kxe6 $16 {[%mdl 4096] Endgame KRN-KRN} 23. Rd8 $1 Nd7 24. Nb3 f5 (24... b6 $16 {was called for.}) 25. Re8+ $1 $18 Kd6 26. Na5 $1 {[%cal Ra5b7]} fxe4 27. fxe4 b6 (27... Nc5 $16 {keeps fighting.}) 28. Nc4+ Kc5 29. Nxe5 Nxe5 30. Rxe5+ {KR-KR} Kd4 31. Re7 $1 g5 32. hxg5 Rg6 33. Rxc7 (33. Kf2 $18) 33... Rxg5 $16 34. Kf2 Kxe4 35. Rc6 Rd5 36. Ke2 ({But not} 36. Rxb6 $6 Rd2+ 37. Ke1 Rxc2 $14) 36... Rb5 37. b3 a5 38. a4 Rg5 39. Rxb6 (39. Rc4+ $16 Ke5 40. Kf3) 39... Rxg3 $11 40. Rh6 Rg2+ 41. Kd1 Rg5 $1 42. Kd2 Kf4 43. Kc3 Rf5 (43... Kg3 $1 $11 {keeps the balance.}) 44. Kd4 $1 $16 {Black must now prevent c4.} Kg5 45. Rh8 (45. Rh7 $1 $16) 45... h4 $11 46. c4 {[%cal Bc2c4,Bc4c5,Bc5c6][%mdl 32] Strongly threatening c5.} Rf4+ $1 47. Kc5 {Kb5 is the strong threat.} Rf3 48. Kb5 Rxb3+ 49. Kxa5 {aiming for c5.} h3 $2 {[%mdl 8192]} (49... Rb1 $11) 50. c5 $18 {White is clearly winning.} Kg4 51. c6 Rc3 52. Kb5 Rb3+ 53. Kc4 Rb1 54. a5 Ra1 55. Kb5 Rb1+ 56. Ka6 Rc1 57. Kb6 Rb1+ {[#]} 58. Ka7 $1 Rc1 {[#]} 59. Rh6 $1 Kg3 60. a6 1-0

[Event "BL 2016-17"]
[Site "Jenbach"]
[Date "2017.04.21"]
[Round "10"]
[White "Buhmann, Rainer"]
[Black "Danin, Alexandre"]
[Result "1/2-1/2"]
[WhiteElo "2625"]
[BlackElo "2584"]
[Annotator "TA"]
[PlyCount "132"]
[EventDate "2017.??.??"]
[EventCountry "AUT"]
[SourceTitle "playchess.com"]
[Source "ChessBase"]
[SourceQuality "1"]
[WhiteTeam "Maria Saal"]
[BlackTeam "Feffernitz"]

{[%evp 9,132,29,38,17,17,16,22,17,17,16,16,25,14,13,20,17,13,19,33,19,19,16,20,16,11,25,33,14,15,7,7,9,4,0,0,0,0,-6,0,-14,0,0,0,-9,0,0,1,1,1,0,1,8,4,3,9,9,9,0,0,0,0,0,0,0,67,67,75,50,73,16,17,17,24,17,17,18,18,0,0,0,0,0,0,3,3,3,3,3,14,14,14,0,6,0,20,0,0,0,0,0,0,0,0,0,0,0,0,0,0,0,0,0,0,0,0,0,0,0,0,0,0,0,0,0,0]} 1. Nf3 d5 2. d4 Nf6 3. c4 c6 4. e3 Bf5 5. Nc3 a6 6. Ne5 {D15: Slav Defence: 4 Nc3 a6 and gambit lines after 4 Nc3 dxc4} Nbd7 7. Qb3 Qc7 8. cxd5 Nxe5 9. dxe5 Nxd5 10. Nxd5 cxd5 11. Bd2 Qxe5 12. Rc1 (12. Bc3 Qc7 13. Qxd5 e6 {½-½ (33) So,W (2808)-Carlsen,M (2840) Wijk aan Zee 2017}) 12... Bd7 13. Bc3 Qc7 14. Qxd5 Bc6 $146 15. Qg5 h6 16. Qg4 h5 17. Qg3 Rc8 18. Qxc7 (18. f3 $5 {is more complex.} e6 19. Be2 h4 20. Qxc7 Rxc7 21. Kf2) 18... Rxc7 19. f3 e6 20. Kf2 f6 21. Ba5 Rc8 $1 22. Bc4 Kf7 23. Rhd1 Be7 24. Bb6 Bd8 25. Bd4 Be7 26. Bb6 Bd8 27. Bd4 Be7 28. f4 Be4 29. Be2 g6 30. Bf3 Bxf3 31. Kxf3 Rhd8 32. g3 f5 33. h3 Bf6 34. Rxc8 Rxc8 35. Bxf6 Kxf6 $11 {[%mdl 4096] Endgame KR-KR} 36. Rd6 Rc7 (36... Rc2 $11) 37. Rb6 $1 $14 Re7 38. g4 g5 {[#]} 39. gxh5 (39. gxf5 $1 $16 Kxf5 40. e4+ Kg6 41. a3) 39... gxf4 $11 40. exf4 Rh7 41. Kg3 Rxh5 {The position is equal.} 42. Rxb7 Rh8 43. a4 Rd8 44. a5 Rd3+ 45. Kg2 Rd2+ 46. Kf3 {Strongly threatening Rb6.} Rd3+ 47. Ke2 Rxh3 48. Rb6 Rh4 49. Ke3 Rh3+ 50. Ke2 Rh4 51. Rxa6 Rh2+ 52. Kd3 {[#] Black must now prevent Rb6.} Rxb2 53. Ra8 {aiming for a6.} Ra2 54. a6 {And now a7 would win.} e5 $1 55. fxe5+ Kxe5 56. Kc4 Kf4 57. Kb5 Kf3 58. Rc8 f4 59. Rc4 Kg3 60. Ra4 Rxa4 61. Kxa4 {KP-KP} f3 62. a7 f2 63. a8=Q {Hoping for Qh1.} f1=Q 64. Qg8+ Kf2 65. Qf7+ Kg1 66. Qxf1+ Kxf1 1/2-1/2

[Event "BL 2016-17"]
[Site "Germany"]
[Date "2017.03.19"]
[Round "10"]
[White "Buhmann, Rainer"]
[Black "Zelbel, Patrick"]
[Result "0-1"]
[WhiteElo "2625"]
[BlackElo "2425"]
[Annotator "TA"]
[PlyCount "68"]
[EventDate "2017.??.??"]
[EventType "team-tourn"]
[EventCountry "GER"]
[SourceTitle "playchess.com"]
[Source "ChessBase"]
[SourceQuality "1"]
[WhiteTeam "Hockenheim"]
[BlackTeam "Mülheim Nord"]

{[%evp 19,68,35,19,2,25,8,40,-2,7,-33,-36,-31,-35,-46,-37,-45,-44,-38,-41,-40,-38,-33,-29,-38,-49,-88,-84,-69,-62,-251,-247,-266,-185,-184,-181,-170,-172,-164,-127,-125,-105,-113,-126,-313,-301,-2668,-2320,-4802,-4798,-29986,-29987]} 1. Nf3 c5 2. c4 Nc6 3. d4 cxd4 4. Nxd4 e6 5. Nc3 Bc5 6. Ndb5 Nf6 7. Bf4 O-O 8. Bc7 Qe7 9. Bd6 Bxd6 10. Qxd6 Qd8 11. e4 {A33: Symmetrical English: 2 Nf3 Nf6 3 d4 cxd4 4 Nxd4 e6 5 Nc3 Nc6} a6 12. Na3 $146 (12. Nc7 Ne8 13. Nxe8 Rxe8 14. Be2 Qb6 15. Rb1 Qd4 16. Rd1 Qxd6 17. Rxd6 Kf8 18. O-O Ke7 {1-0 (44) Kortschnoj,V (2645)-Gruenfeld,Y (2505) Luzern 1982}) 12... Qb6 13. Qd2 {White is slightly better.} (13. Rb1 $5 {with more complications.} Qa5 14. f3 Ne8 15. Qd2 f5 16. exf5 Rxf5 17. Be2) 13... Rd8 14. Be2 {[#]} d5 $1 {[%mdl 512]} 15. exd5 (15. cxd5 exd5) 15... exd5 16. cxd5 Be6 {[%cal Bc8e6,Be6d5,Bd5f3][%mdl 32]} 17. Nc4 Qc5 {[%cal Rf6d5]} 18. Ne3 Nxd5 19. Ncxd5 Bxd5 20. Rc1 Qd4 21. Qxd4 Nxd4 22. b3 {[#]} Re8 $1 {Threatens to win with ...Bxg2!} 23. Rg1 Rad8 24. g4 $2 (24. Kf1 $15) 24... Bf3 $19 25. Bc4 {[#]} Nc2+ $1 {[%mdl 512]} 26. Kf1 (26. Rxc2 Rd1#) 26... Nxe3+ 27. fxe3 Rd2 ({Don't take} 27... Rxe3 $2 28. Kf2 Ree8 29. Kxf3 $18) 28. Rg3 Bc6 $36 {[%mdl 2048] Black is on the roll.} ({Weaker is} 28... Rxe3 {[#]} 29. Bd5 $1 {[%mdl 512]} g6 30. Rxf3 $16) 29. Bxa6 Ra8 30. Bc4 Raxa2 {aiming for ...Kf8.} 31. Ke1 $2 (31. b4 $17 {was worth a try.} Rf2+ 32. Ke1) 31... Rxh2 32. Bd5 $2 (32. Rg1) 32... h5 {[%cal Bh7h5,Bh5h4][%mdl 32]} 33. Bxc6 bxc6 34. Kf1 h4 0-1

[Event "BL 2016-17"]
[Site "Germany"]
[Date "2017.03.19"]
[Round "10"]
[White "Gharamian, Tigran"]
[Black "Kindermann, Stefan"]
[Result "1-0"]
[WhiteElo "2624"]
[BlackElo "2505"]
[Annotator "TA"]
[PlyCount "99"]
[EventDate "2017.??.??"]
[EventType "team-tourn"]
[EventCountry "GER"]
[SourceTitle "playchess.com"]
[Source "ChessBase"]
[SourceQuality "1"]
[WhiteTeam "Schwäbisch Hall"]
[BlackTeam "Zugzwang München"]

{[%evp 19,99,4,19,-20,0,0,32,11,21,14,12,2,7,12,0,6,0,8,31,41,36,9,31,28,26,0,0,0,38,0,0,0,22,22,62,53,42,67,137,131,137,132,136,115,118,112,148,145,242,239,270,246,255,254,228,194,425,314,604,451,418,344,276,0,547,577,542,544,553,515,556,550,508,496,657,541,589,554,530,524,504,480]} 1. e4 e6 2. d4 d5 3. Nc3 Nf6 4. e5 Nfd7 5. f4 c5 6. Nf3 Nc6 7. Be3 cxd4 8. Nxd4 Bc5 9. Qd2 O-O 10. O-O-O a6 11. Qf2 {C11: French: Classical System: 4 e5 and 4 Bg5 dxe4} (11. Nb3 $5 {creates asymmetry.} Be7 12. Kb1 b5 13. h4 Bb7 14. Rh3) 11... Nxd4 (11... Bxd4 12. Bxd4 b5 13. Be3 Qa5 14. Kb1 b4 15. Ne2 Qc7 16. Nd4 Nxd4 17. Bxd4 a5 18. Bb5 a4 19. b3 Ba6 20. Bxa4 Rfc8 {1-0 (74) So,W (2808)-Holt,C (2567) chess.com INT 2017}) 12. Bxd4 b6 13. Kb1 {White is slightly better.} Bb7 14. Be2 Qc7 15. Rhf1 b5 16. Bd3 Bxd4 17. Qxd4 Nc5 $146 (17... Qc5 18. Ne2 f6 19. exf6 gxf6 {1-0 (48) Korneev,O (2562)-Larino Nieto,D (2451) Madrid 2010}) 18. g4 Rac8 19. h4 Rfd8 20. h5 {[#]} b4 $1 {[%mdl 512]} 21. Ne2 (21. Qxb4 d4) 21... a5 22. h6 g6 (22... gxh6 $6 23. Rh1 $14) 23. Rc1 Ba6 24. Bxa6 Nxa6 25. Rfd1 Qb7 26. c4 bxc3 27. Rxc3 Qb5 28. Rdc1 Rb8 {[#]} (28... Rxc3 $14 29. Nxc3 Qb4) 29. Qd2 $1 $16 d4 30. Rd3 $40 {[%mdl 128] White wants a kill.} Nb4 31. Rxd4 Rxd4 32. Nxd4 Qd5 {[%csl Gb4][%cal Rd5a2] [#]} 33. Nb3 $1 ({But not} 33. b3 Qe4+ 34. Nc2 Nd5 $11) 33... Qxd2 (33... Nd3 $16 {keeps fighting.}) 34. Nxd2 {[%mdl 4096] Endgame KRN-KRN} Nd3 35. Rc3 (35. Rc2 Nxf4 36. Ne4 Nd3 37. Nf6+ Kh8 $16) 35... Nxf4 36. Ra3 Kf8 37. Rxa5 Rd8 $2 (37... Nd3 38. b3 Nf2) 38. Nc4 Rd4 $2 (38... Nd3 39. g5 Rd7) 39. Ra8+ Ke7 40. Ra7+ Rd7 41. Ra8 $2 (41. Rxd7+ $18 Kxd7 42. Kc2) 41... f5 $2 {[%mdl 8192]} (41... Rd4 $11 {and Black stays safe.} 42. Nd6 Kd7 43. Nxf7 Nd5) 42. Rh8 $18 {White is clearly winning.} Rd1+ 43. Kc2 Rh1 44. Rxh7+ Kf8 45. Rh8+ Ke7 46. h7 Kf7 47. Rd8 Rxh7 48. Rd7+ Kg8 49. Rxh7 Kxh7 50. g5 1-0

[Event "BL 2016-17"]
[Site "Germany"]
[Date "2017.03.19"]
[Round "10"]
[White "Lupulescu, Constantin"]
[Black "Piorun, Kacper"]
[Result "1/2-1/2"]
[WhiteElo "2620"]
[BlackElo "2648"]
[Annotator "TA"]
[PlyCount "40"]
[EventDate "2017.??.??"]
[EventType "team-tourn"]
[EventCountry "GER"]
[SourceTitle "playchess.com"]
[Source "ChessBase"]
[SourceQuality "1"]
[WhiteTeam "SG Trier"]
[BlackTeam "SF Berlin"]

{[%evp 15,40,0,0,0,10,2,0,0,0,0,20,0,0,0,23,18,21,1,15,8,44,0,0,0,0,0,0]} 1. d4 Nf6 2. c4 g6 3. Nc3 d5 4. cxd5 Nxd5 5. e4 Nxc3 6. bxc3 Bg7 7. Nf3 c5 8. h3 O-O 9. Be3 {D85: Exchange Grünfeld: Unusual White 7th moves and lines with 7 Nf3} (9. Be2 b5 10. O-O b4 11. cxb4 cxb4 12. Be3 Nd7 13. a3 Bb7 14. Qb1 a5 15. axb4 axb4 16. Rxa8 Bxa8 17. Bd3 {0-1 (60) Svane,R (2570)-Swiercz,D (2645) Moscow 2017}) 9... b6 10. Rc1 $146 (10. Qc2 cxd4 11. cxd4 Bb7 12. Rd1 Nc6 13. Be2 Rc8 14. Qb1 Qd6 15. O-O Qb4 16. d5 Qxb1 17. Rxb1 {½-½ (55) Sepulveda,P-Santos,F Cascavel 1996}) 10... e6 11. Bd3 cxd4 12. cxd4 Bb7 13. O-O Nc6 {[%cal Rc6d4]} 14. Qa4 Qd6 15. Rfd1 $36 {[%mdl 2048] White fights for an advantage.} Rac8 16. d5 (16. Bb5 $5 {creates asymmetry.} a6 17. Bxc6 b5 18. Bxb5 axb5 19. Qxb5 Bxe4 20. Ne5) 16... exd5 17. exd5 Ne5 18. Nxe5 (18. Qxa7 Rxc1 19. Bxc1 Nxf3+ 20. gxf3 Bd4 $17) 18... Bxe5 {The position is equal.} 19. Qxa7 Rxc1 ({Of course not} 19... Bxd5 $6 20. Rxc8 (20. Qxb6 Qxb6 21. Bxb6 Bxa2 $11) (20. Bxb6 Rxc1 21. Rxc1 Ra8 $17) 20... Rxc8 {[#]} 21. Be4 $1 $16 {[%mdl 512]} (21. Qxb6 Qxb6 22. Bxb6 Bxa2 $11) (21. Bxb6 $2 Bh2+ 22. Kf1 Ra8 $19)) (19... Qxd5 $6 20. Bf1 Qe4 21. Rxc8 (21. Qxb6 Rxc1 22. Rxc1 Rb8 $16) 21... Rxc8 22. Qxb6 $16) 20. Rxc1 Bxd5 1/2-1/2

[Event "BL 2016-17"]
[Site "Germany"]
[Date "2017.03.19"]
[Round "10"]
[White "Banusz, Tamas"]
[Black "Warmerdam, Max"]
[Result "1/2-1/2"]
[WhiteElo "2609"]
[BlackElo "2376"]
[Annotator "TA"]
[PlyCount "70"]
[EventDate "2017.??.??"]
[EventType "team-tourn"]
[EventCountry "GER"]
[SourceTitle "playchess.com"]
[Source "ChessBase"]
[SourceQuality "1"]
[WhiteTeam "Hockenheim"]
[BlackTeam "Mülheim Nord"]

{[%evp 16,70,33,39,36,23,27,19,22,31,20,23,33,29,39,35,32,37,29,34,36,10,22,20,17,16,56,62,55,13,24,12,16,13,24,30,27,0,0,0,0,0,0,0,0,-6,0,-86,-86,-86,-75,-121,-121,-121,-121,-121,-99]} 1. Nf3 Nf6 2. c4 g6 3. g3 Bg7 4. Bg2 O-O 5. O-O c5 6. d4 cxd4 7. Nxd4 Nc6 8. Nc3 Qa5 9. e3 d6 {A39: Symmetrical English vs ...g6: 4 Bg2 Bg7 5 Nf3 Nf6 6 0-0 0-0 7 d4} 10. Bxc6 bxc6 11. Nxc6 Qc7 {The position is equal.} 12. Nd5 Nxd5 13. cxd5 Bb7 14. Bd2 Bxc6 15. Rc1 Bxb2 16. Rxc6 Qd7 17. Qc2 Bf6 $146 18. Kg2 Rab8 19. Rb1 Rxb1 20. Qxb1 Rc8 21. Qc2 Rb8 22. e4 Rb2 23. Qc1 h5 $1 24. Bc3 Rxa2 25. Bxf6 exf6 $11 {[%cal Be7f6,Bf6f5][%mdl 4128] Endgame KQR-KQR} 26. Qb1 Re2 $1 27. Qb8+ Kg7 {And now ...Qg4 would win.} 28. Rc8 {[#] Threatening mate with Rg8+.} f5 $1 ({Don't consider} 28... Rxe4 $2 29. Rg8+ (29. Rh8 f5 $11) 29... Kh6 30. f4 Rxf4 31. Rh8+ (31. gxf4 Qg4+ 32. Kf2 Qxf4+ 33. Kg2 Qd2+ 34. Kg1 Qe1+ 35. Kg2 Qe2+ 36. Kg1 Qd1+ 37. Kf2 Qd2+ 38. Kg1 Qe1+ 39. Kg2 Qd2+ 40. Kg1 $11) 31... Kg5 32. gxf4+ Kh4 33. Qb3 Qg4+ 34. Qg3+ Qxg3+ 35. hxg3+ Kg4 36. Rd8 $18) 29. Rg8+ ({But not} 29. Rc7 $2 Qa4 30. Re7 Qd4 31. Qxa7 Rxf2+ 32. Kg1 Qxa7 33. Rxa7 Rd2 34. exf5 g5 $19) 29... Kf6 30. Kf1 Rxe4 {Strongly threatening ...f4.} 31. f3 (31. Qb2+ $11 Ke7 32. Rb8) 31... Rd4 $17 {Black is better.} 32. Rd8 {[#]} Rb4 $1 {[%mdl 512]} 33. Qxb4 Qxd8 34. Qd4+ Ke7 35. Qxa7+ Qd7 1/2-1/2

[Event "BL 2016-17"]
[Site "Germany"]
[Date "2017.03.19"]
[Round "10"]
[White "Nikolic, Predrag"]
[Black "Spitzl, Vinzent"]
[Result "1-0"]
[WhiteElo "2609"]
[BlackElo "2210"]
[Annotator "TA"]
[PlyCount "45"]
[EventDate "2017.??.??"]
[EventType "team-tourn"]
[EventCountry "GER"]
[SourceTitle "playchess.com"]
[Source "ChessBase"]
[SourceQuality "1"]
[WhiteTeam "Solingen"]
[BlackTeam "Griesheim"]

{[%evp 18,45,35,33,40,56,91,99,100,99,85,98,94,90,106,55,136,150,212,207,325,308,513,518,516,489,997,978,1086,960]} 1. Nf3 d5 2. g3 Nf6 3. Bg2 Bg4 4. O-O Nbd7 5. c4 c6 {[%cal Bc7c6,Bc6d5][%mdl 32]} 6. cxd5 cxd5 7. h3 {A11: English Opening: 1...c6} Bh5 8. d3 e6 9. Nc3 Bd6 10. e4 {LiveBook: 5 Games} dxe4 $146 (10... O-O 11. exd5 Nxd5 12. Nxd5 exd5 13. Qb3 Qb6 14. Qxd5 {1-0 (33) Markowski,T (2606)-Bhat,V (2483) Mainz 2008}) 11. dxe4 Bc5 12. e5 Bxf3 13. Qxf3 Nxe5 14. Qxb7 Rb8 {[#]} 15. Qa6 $1 Qd3 16. Qa4+ (16. Qa5 $16 Nfd7 17. Bf4) 16... Nfd7 (16... Ned7 $14) 17. Ne4 $36 {[%mdl 2048] Keeping Black busy.} Be7 (17... O-O $16) 18. Bf4 $18 {Bxe5 is the strong threat.} Rb4 (18... O-O {was worth a try.} 19. Qxa7 Ra8 20. Nf6+ gxf6 21. Bxa8 Bc5) 19. Qxa7 O-O $2 {[#]} (19... Qd4 20. Qxd4 (20. Qc7 Bd8 21. Bxe5 Bxc7 22. Bxd4 Rxd4 $16) 20... Rxd4) 20. Bxe5 {White is clearly winning.} Nxe5 21. Qxe7 Rxe4 (21... Rxb2 $142 22. Rad1 Qb5) 22. Rad1 ({Less strong is} 22. Bxe4 Qxe4 23. Qa3 Nf3+ 24. Kh1 Qb7 $14) 22... Qe2 23. Rd8 1-0

[Event "BL 2016-17"]
[Site "Germany"]
[Date "2017.03.19"]
[Round "10"]
[White "Smeets, Jan"]
[Black "Baskin, Robert"]
[Result "1-0"]
[WhiteElo "2603"]
[BlackElo "2357"]
[Annotator "TA"]
[PlyCount "49"]
[EventDate "2017.??.??"]
[EventType "team-tourn"]
[EventCountry "GER"]
[SourceTitle "playchess.com"]
[Source "ChessBase"]
[SourceQuality "1"]
[WhiteTeam "Solingen"]
[BlackTeam "Griesheim"]

{[%evp 12,49,34,3,31,22,24,26,34,25,16,4,17,12,68,69,61,92,105,65,65,74,34,47,118,133,122,104,530,527,530,509,496,493,816,821,811,799,1033,1039]} 1. e4 e6 2. d4 d5 3. Nc3 Nf6 4. Bg5 dxe4 5. Nxe4 Be7 6. Bxf6 gxf6 7. Nc3 {LiveBook: 6 Games. C13: French: Classical System: 4 Bg5 Be7, Alekhine-Chatard Attack} (7. Nf3 f5 8. Nc3 a6 9. Qe2 b5 10. O-O-O b4 11. Na4 Qd5 12. Kb1 Nd7 13. Qe3 Bb7 14. b3 Qe4 15. Qd2 Rg8 16. Rg1 {1-0 (70) Smirin,I (2670)-Gupta,A (2645) Moscow 2017}) 7... b6 8. Qf3 $146 (8. Nf3 Bb7 9. Bb5+ c6 10. Bd3 Qc7 11. Qe2 Nd7 12. O-O-O O-O-O 13. Kb1 Kb8 14. Qe3 Bd6 {1-0 (40) Sikora,J (2229)-Zidek,V (2175) Czech Republic 2016}) 8... c6 9. O-O-O {White has an edge.} Bb7 10. Qh5 Qd6 11. Nf3 Nd7 12. g3 h6 (12... f5 $11) 13. Bc4 $14 {Ne4 is the strong threat.} Kf8 14. Rhe1 f5 15. Ne2 $40 {[%mdl 128] White attacks.} Nf6 16. Qh3 $1 b5 17. Bb3 $1 c5 (17... Ne4 $1 $14) 18. dxc5 $16 Qxc5 {[#]} 19. Nfd4 $1 Nd5 $2 {[%mdl 8192] [#]} (19... Bc8 $16) 20. Nxe6+ $1 $18 {[%mdl 512] White is clearly winning.} fxe6 21. Nd4 Nc7 {And now ...Rd8 would win.} 22. Rxe6 {Strongly threatening Qh5!} ({Not} 22. Bxe6 Rd8 $18) 22... Rd8 {[#]} (22... Bg5+ $142 23. f4 Rd8) 23. Qh5 $1 {[%mdl 512] White wants to mate with Rf6+!} Rd5 24. Bxd5 Qxd5 {[#]} 25. Rxe7 $1 {[%mdl 512]} 1-0

[Event "BL 2016-17"]
[Site "Jenbach"]
[Date "2017.04.21"]
[Round "10"]
[White "Bosiocic, Marin"]
[Black "Bindrich, Falko"]
[Result "0-1"]
[WhiteElo "2602"]
[BlackElo "2582"]
[Annotator "TA"]
[PlyCount "86"]
[EventDate "2017.??.??"]
[EventCountry "AUT"]
[SourceTitle "playchess.com"]
[Source "ChessBase"]
[SourceQuality "1"]
[WhiteTeam "St. Veit"]
[BlackTeam "Hohenems"]

{[%evp 21,86,8,8,0,16,26,18,12,0,-35,-6,-35,0,-43,-42,-23,-25,-76,-31,-73,-35,-44,-47,-34,-30,-53,-55,-60,-50,-49,-15,-20,-17,-6,-16,-70,-19,-23,-8,-91,-91,-95,-94,-87,-41,-42,-6,-8,-8,-57,-57,-65,-44,-63,-64,-65,-56,-89,-82,-120,-120,-178,-168,-442,-449,-447,-439]} 1. Nf3 d5 2. d4 Nf6 3. c4 e6 4. g3 Bb4+ 5. Bd2 Be7 6. Bg2 O-O 7. O-O Nbd7 8. Qc2 Ne4 9. Bf4 c6 10. Nc3 g5 {E08: Closed Catalan: Main Line: 7 Qc2} 11. Be3 Nd6 {LiveBook: 3 Games} 12. b3 Nf5 {The position is equal.} 13. cxd5 $146 (13. g4 Nxe3 14. fxe3 b5 15. e4 b4 16. exd5 bxc3 17. dxc6 Nb8 18. Qe4 {0-1 (34) Eljanov,P (2760)-Carlsen,M (2844) Wijk aan Zee 2016}) 13... Nxe3 14. fxe3 {Strongly threatening dxe6.} exd5 15. Bh3 Bb4 16. Nd1 Nb6 17. Bf5 Bxf5 18. Qxf5 f6 19. Nf2 (19. a3 $11 Bd6 20. Qe6+ Kh8 21. Nd2) 19... Qd7 20. Qd3 Rae8 21. a3 Bd6 22. e4 Qe7 {[%cal Rd5e4]} 23. exd5 cxd5 24. Ra2 a6 25. a4 Nd7 (25... Kg7 $5 {seems wilder.} 26. Rc2 f5 27. Nd1 h6 28. e3 Qe4) 26. Qf5 Qe6 27. Qxe6+ Rxe6 28. Rb1 (28. Nd1 $11) 28... Nb8 ({Black should try} 28... Rfe8 $15 29. Kf1 h5) 29. b4 Nc6 30. Rab2 (30. Nd3 $1 $11) 30... Rfe8 $17 31. b5 {[#]} Na5 $1 32. bxa6 bxa6 33. Rb6 Bc7 34. Rxe6 Rxe6 35. Kf1 Nc4 36. Rb7 Ne3+ 37. Kg1 Bb6 38. g4 Nc2 39. Rd7 Bxd4 40. Rxd5 Bb6 41. Rd2 (41. a5 $17 Ne3 42. Nd4 Nxd5 43. Nxe6 Bxa5 44. Nc5) 41... Ne3 $19 {White must now prevent ...Rc6.} 42. h3 $2 {[#]} (42. Rd7) 42... Rc6 $1 {[%cal Rc6c1] Threatens to win with ...Rc1+.} ({Not} 42... Nc4 43. Ra2 $17) 43. Kh1 Nc4 ({Weaker is} 43... Rc1+ 44. Ng1 $19) 0-1

[Event "BL 2016-17"]
[Site "Germany"]
[Date "2017.03.19"]
[Round "10"]
[White "Cornette, Matthieu"]
[Black "Hertneck, Gerald"]
[Result "1/2-1/2"]
[WhiteElo "2585"]
[BlackElo "2487"]
[Annotator "TA"]
[PlyCount "65"]
[EventDate "2017.??.??"]
[EventType "team-tourn"]
[EventCountry "GER"]
[SourceTitle "playchess.com"]
[Source "ChessBase"]
[SourceQuality "1"]
[WhiteTeam "Schwäbisch Hall"]
[BlackTeam "Zugzwang München"]

{[%evp 13,65,22,27,10,10,0,0,-9,0,0,0,-2,22,25,19,16,55,7,19,0,39,0,0,-10,19,-13,29,12,8,15,8,10,10,16,83,73,90,86,78,35,23,0,17,18,35,32,35,36,43,49,41,0,0,-8]} 1. c4 e5 2. g3 Nf6 3. Bg2 d5 4. cxd5 Nxd5 5. Nc3 Nb6 6. e3 {[%cal Be2e3,Be3d4,Bd4d5][%mdl 32]} Nc6 {A22: English Opening: 1...e5 2 Nc3 Nf6} 7. Nge2 g6 {LiveBook: 8 Games} (7... h5 8. h3 h4 9. g4 f5 10. d4 exd4 11. exd4 fxg4 12. Qd3 Qf6 13. Ne4 Bb4+ 14. Bd2 {0-1 (46) Caruana,F (2804)-Vachier Lagrave,M (2789) Paris 2016}) 8. d4 exd4 9. exd4 Bg7 10. d5 Ne5 11. O-O O-O 12. Bf4 $146 (12. h3 Re8 13. Nd4 Bd7 14. b3 Qf6 15. Be3 Rad8 16. a4 Qe7 17. a5 Nc8 18. a6 bxa6 19. Rxa6 {½-½ (121) Berczes,D (2482)-Troff,K (2528) Dallas 2016}) 12... Nbc4 13. b3 Nd6 $1 14. Qd2 Bg4 15. f3 Bd7 16. Bg5 Qc8 17. Bh6 Bxh6 18. Qxh6 Re8 19. g4 Re7 20. h3 (20. Qd2 $5 {creates asymmetry.} Qf8 21. h3 f5 22. Rac1 Rae8 23. Nd4) 20... Bb5 21. Nxb5 Nxb5 22. Ng3 Qf8 23. Qd2 Qg7 {[#]} (23... Rae8 $11) 24. Rac1 $1 $16 {Strongly threatening f4.} Qf6 25. Ne4 Qb6+ 26. Kh1 {d6! is the strong threat.} Nd7 $1 ({Don't take} 26... f5 $2 {[#]} 27. d6 $1 {[%mdl 512]} (27. gxf5 Rf8 28. f6 Ree8 $18) 27... Rf7 28. Ng5 $18) 27. f4 {[%cal Bf3f4,Bf4f5][%mdl 32]} Nf6 28. Nc5 {aiming for f5.} Nd6 29. f5 {Threatens to win with fxg6.} Nde4 30. Nxe4 Nxe4 31. Bxe4 Rxe4 32. fxg6 hxg6 33. Qf2 1/2-1/2